000
00255nam a2200097Ia 4500
001
711667
005
20250826162812.0
008
250824s9999 xx 000 0 und d
245
0
_a
DÜĞÜMLERE ÜFLEYEN KADINLAR
_c
ECE TEMELKURAN
260
_b
EVEREST YAYINLARI
999
_c
711667
_d
711667